|
|
|
|
| LEADER |
03957nam a22005775i 4500 |
| 001 |
978-3-642-01796-4 |
| 003 |
DE-He213 |
| 005 |
20170113055058.0 |
| 007 |
cr nn 008mamaa |
| 008 |
100301s2009 gw | s |||| 0|eng d |
| 020 |
|
|
|a 9783642017964
|9 978-3-642-01796-4
|
| 024 |
7 |
|
|a 10.1007/978-3-642-01796-4
|2 doi
|
| 040 |
|
|
|d GrThAP
|
| 050 |
|
4 |
|a QA76.6-76.66
|
| 072 |
|
7 |
|a UM
|2 bicssc
|
| 072 |
|
7 |
|a COM051000
|2 bisacsh
|
| 082 |
0 |
4 |
|a 005.11
|2 23
|
| 245 |
1 |
0 |
|a Network Economics for Next Generation Networks
|h [electronic resource] :
|b 6th International Workshop on Internet Charging and Qos Technologies, ICQT 2009, Aachen, Germany, May 11-15, 2009. Proceedings /
|c edited by Peter Reichl, Burkhard Stiller, Bruno Tuffin.
|
| 264 |
|
1 |
|a Berlin, Heidelberg :
|b Springer Berlin Heidelberg :
|b Imprint: Springer,
|c 2009.
|
| 300 |
|
|
|a IX, 109 p.
|b online resource.
|
| 336 |
|
|
|a text
|b txt
|2 rdacontent
|
| 337 |
|
|
|a computer
|b c
|2 rdamedia
|
| 338 |
|
|
|a online resource
|b cr
|2 rdacarrier
|
| 347 |
|
|
|a text file
|b PDF
|2 rda
|
| 490 |
1 |
|
|a Lecture Notes in Computer Science,
|x 0302-9743 ;
|v 5539
|
| 505 |
0 |
|
|a Keynote -- QoS Is Still an Issue, Congestion Pricing Is not the Solution -- Session 1: Competition Models -- Optimization of Transmission Power in Competitive Wireless Networks -- On Competition for Market Share in a Dynamic ISP Market with Customer Loyalty: A Game-Theoretic Analysis -- A Pricing Model for a Mobile Network Operator Sharing Limited Resource with a Mobile Virtual Network Operator -- Session 2: Pricing Mechanisms -- Design and Evaluation of a Combinatorial Double Auction for Resource Allocations in Grids -- A User-Influenced Pricing Mechanism for Internet Access -- Price Setting in Two-Sided Markets for Internet Connectivity -- Session 3: Economics of Inter-domain Traffic -- Online Charging for IMS-Based Inter-domain Composite Services -- A New Bilateral Arrangement between Interconnected Providers -- Improvement of BitTorrent Performance and Inter-domain Traffic by Inserting ISP-Owned Peers.
|
| 520 |
|
|
|a This book constitutes the refereed proceedings of the 6th International Workshop on Internet Charging and QoS Technologies, ICQT 2009, held in Aachen, Germany, in May 2009 collocated with the IFIP Networking 2009 conference. The 9 revised full papers presented together with the extended abstract of a keynote paper were carefully reviewed and selected from a total of 26 submissions. The papers are organized in topical sections on competition models, pricing mechanisms, and economics of inter-domain traffic. Bringing together researchers from the area of technology and economy in both industry and academia to discuss key improvements and to support further progress in these fields, ICQT 2009 features combination of micro-economic models, auctions, game theoretic approaches, peer-to-peer, and IMS-based charging.
|
| 650 |
|
0 |
|a Computer science.
|
| 650 |
|
0 |
|a Computer communication systems.
|
| 650 |
|
0 |
|a Computer programming.
|
| 650 |
|
0 |
|a Information storage and retrieval.
|
| 650 |
|
0 |
|a Application software.
|
| 650 |
|
0 |
|a Electrical engineering.
|
| 650 |
1 |
4 |
|a Computer Science.
|
| 650 |
2 |
4 |
|a Programming Techniques.
|
| 650 |
2 |
4 |
|a Communications Engineering, Networks.
|
| 650 |
2 |
4 |
|a Computer Communication Networks.
|
| 650 |
2 |
4 |
|a Information Systems Applications (incl. Internet).
|
| 650 |
2 |
4 |
|a Information Storage and Retrieval.
|
| 650 |
2 |
4 |
|a Computer Appl. in Administrative Data Processing.
|
| 700 |
1 |
|
|a Reichl, Peter.
|e editor.
|
| 700 |
1 |
|
|a Stiller, Burkhard.
|e editor.
|
| 700 |
1 |
|
|a Tuffin, Bruno.
|e editor.
|
| 710 |
2 |
|
|a SpringerLink (Online service)
|
| 773 |
0 |
|
|t Springer eBooks
|
| 776 |
0 |
8 |
|i Printed edition:
|z 9783642017957
|
| 830 |
|
0 |
|a Lecture Notes in Computer Science,
|x 0302-9743 ;
|v 5539
|
| 856 |
4 |
0 |
|u http://dx.doi.org/10.1007/978-3-642-01796-4
|z Full Text via HEAL-Link
|
| 912 |
|
|
|a ZDB-2-SCS
|
| 912 |
|
|
|a ZDB-2-LNC
|
| 950 |
|
|
|a Computer Science (Springer-11645)
|